00514nam a22001697a 450000500170000001000150001702000260003203500140005803700130007208200140008510000190009924500580011826000390017627000440021530000220025950000630028120180919111910.0 aENG-123994 a9789352661350c400.00 aEN-107526 bDBAD/PUB a658.15224 aHaware, Suresh aDoing business without your money /cby Suresh Haware aNew DelhibPrabhat Prakashanc2017 bNew Delhie110002a4/19, Asaf Ali Road, a174p.c21cm.(Hb.) aHave a great idea, but no money? Do not let that stop you!